1526 1768 1397 1609 1749 1273 1721 1657 1606 1426 1359 1475 1189 1027 1360 1109 1344 1289 1519 1489 1271 1828 1756 1513 1599 1043 1723 1131 1865 1661 1541 1110 1647 1626 1297 1433 1878 1560 1746 1996 1010 1304 1558 1646 1594 1646 1076 1019 1156 1890 1761 1021 1584 1273 1654 1675 1307 1398 1414 1287 1351 1142 1690 1151 1807 1299 1363 1206 1902 1277 1749 1220 1931 1922 1664 1352 1141 1443 1656 1677 1635 1030 1296 1946 1717 1754 1174 1521 1593 1450 1650 1271 1297 1622 1308 1415 1274 1943 1683 BCNSPRNW ULIB Ver.6.0+V

เปลี่ยนเป็นภาษาไทย

Change to English
 แสดงรายละเอียดบรรณานุกรม
  กลับหน้าหลัก

Brief Record : Get Marc (ISO 2709) : E-mail record : QR code < ปิดหน้าต่าง
LEADER : 00000nam 2200000uu 4500
001    13399124506
003     ULIB
008    150817s2556 th a 000 0 tha d
020    9789749804254
020    9789749804252
090    นว.^bล158ฤ ล.6
100    ล่อร่า อิงกัลล์ส์ ไวล์เดอร์;^eผู้แต่ง
245    ฤดูหนาวอันแสนนาน/^cล่อร่า อิงกัลล์ส์ ไวล์เดอร์. ; เขียน ,สุคนธรส. ; แปล
250    พิมพ์ครั้งที่ 8
260    กรุงเทพฯ :^bแพรวเยาวชน,^c2556
300    335 หน้า;^b18.5 ซม.
500    หนังสือชุดบ้านเล็ก
700    สุคนธรส ;^eแปล
945    ^p235^l0^i039777
999    ^aทศพร
รายการนี้ยังไม่มีแท็ก
คุณยังไม่ได้ล็อกอิน คุณสามารถมีกิจกรรมร่วมกับเว็บไซต์ได้ แต่ต้องล็อกอินก่อน ::
  ล็อกอิน

รายการสื่อสารสนเทศ

ลำดับที่ ประเภท เลขเรียก/บาร์โค้ด สถานที่ สถานะ
1. นวนิยาย
นวนิยาย
นว. ล158ฤ ล.6 ฉ.1 
  Barcode: 039777
ห้องสมุดวิทยาเขตสวรรค์ประชารักษ์
►นวนิยาย
บนชั้น
  ขอยืม

BibComment


ยังไม่เคยถูกคอมเมนท์

คอมเมนท์ทรัพยากรรายการนี้
  คอมเมนท์: ฤดูหนาวอันแสนนาน ..


 Copyright 2026. Bcnsprnw @Library